STN EN 88-1+A1: 2016 (06 1021), Regulátory tlaku plynu a súvisiace bezpečnostné zariadenia určené pre spotrebiče na plynné palivá Časť 1 Regulátory tlaku plynu na vstupný tlak do 50 kPa vrátane

Táto norma je slovenskou verziou európskej normy EN 88-1: 2011+A1:2016. Preklad zabezpečil Úrad pre normalizáciu, metrológiu a skúšoníctvo Slovenskej republiky. Táto norma má rovnaké postavenie, ako majú oficiálne verzie

Bibliographic Details
Corporate Author: Slovensko. Úrad pre normalizáciu, metrológiu a skúšobníctvo (Translator)
Format: Book
Language:Slovak
English
PhysicalDescription:40 strán obrázky, tabuľky 30 cm
Published: Bratislava Úrad pre normalizáciu, metrológiu a skúšobníctvo Slovenskej republiky 2016
Subjects:

MARC

LEADER 00000cam a2200000 a 4500
001 vtls011584846
003 SK-MaSNL
005 20260301220908.0
008 161007s2016 xo a fru 000 0 slo
015 |a SNBN2016 
040 |a SNK  |b slo  |c SNK  |e AACR2 
041 1 |a slo  |h eng 
044 |a xo  |c SK 
046 |a m  |m 20161001 (účin.)  |n 20251031 (zruš.) 
072 7 |a 621  |x Strojárstvo  |2 konspekt 
080 |a 621.646.4.02  |2 2011 
080 |a 006.7/.8  |2 2001 
080 |a (437.6)  |2 2001 
080 |a (4)  |2 2001 
080 |a (083.74)  |2 2011 
084 |a 23.060.40  |2 ICS 
130 0 |a STN 06 1021 (STN EN 88-1+A1)  |9 522324 
245 1 0 |a STN EN 88-1+A1: 2016 (06 1021), Regulátory tlaku plynu a súvisiace bezpečnostné zariadenia určené pre spotrebiče na plynné palivá  |n Časť 1  |p Regulátory tlaku plynu na vstupný tlak do 50 kPa vrátane 
246 1 0 |a Regulátory tlaku plynu a súvisiace bezpečnostné zariadenia určené pre spotrebiče na plynné palivá 
246 1 0 |a Regulátory tlaku plynu na vstupný tlak do 50 kPa vrátane 
246 3 0 |a EN 88-1+A1: 2016 SK 
260 |a Bratislava  |b Úrad pre normalizáciu, metrológiu a skúšobníctvo Slovenskej republiky  |c 2016 
300 |a 40 strán  |b obrázky, tabuľky  |c 30 cm 
500 |a Súbežný názov v angličtine, francúzštine, nemčine 
500 |a Spracovateľ: Úrad pre normalizáciu, metrológiu a skúšoníctvo SR Bratislava 
500 |a Táto norma nahrádza STN EN 88-1 z decembra 2011 v celom rozsahu 
500 |a Norma je nahradená anglickou verziou normy STN EN 88-1 z januára 2023, ktorú nahradila opäť anglická verzia normy STN EN 88-1+A1 z júna 2024 v celom rozsahu. Normu z júna 2024 nahradila slovenská verzia normy STN EN 88-1+A1 z augusta 2025 v celom rozsahu. [Táto norma z októbra 2016 sa môže súbežne s novou normou používať do 31.10.2025] 
504 |a Normatívne referenčné dokumenty, súvisiace právne predpisy na strane 2 a literatúra na strane 40 
520 8 |a Táto norma je slovenskou verziou európskej normy EN 88-1: 2011+A1:2016. Preklad zabezpečil Úrad pre normalizáciu, metrológiu a skúšoníctvo Slovenskej republiky. Táto norma má rovnaké postavenie, ako majú oficiálne verzie 
540 |a STN vydané na akomkoľvek nosiči sa môžu rozmnožovať a rozširovať iba so súhlasom určenej právnickej osoby  |b SÚTN Bratislava  |c zákon 264/1999 Z. z. 
650 0 7 |a regulátory tlaku plynu  |2 SNKPH  |9 24564 
650 0 7 |a technické normy a štandardy  |z Slovensko  |2 SNKPH  |9 79594 
650 0 7 |a technické normy a štandardy  |z krajiny Európskej únie  |2 SNKPH  |9 289341 
650 0 7 |a Gas-governors  |2 SNKPHeng  |9 239141 
655 7 |a normy  |2 SNKPH  |9 70643 
710 1 |a Slovensko.  |b Úrad pre normalizáciu, metrológiu a skúšobníctvo  |4 stn  |4 trl  |9 158117 
710 2 |a Slovenský ústav technickej normalizácie (Bratislava, Slovensko).  |b Technická komisia č. 51 Plynárenstvo  |4 stn  |9 310069 
852 |a Štátna vedecká knižnica v Banskej Bystrici 
958 |a OP 
958 |a NB 
999 |c 933639  |d 935569 
952 |a SNK  |b SNK  |y PREZ  |7 0  |p 17A1250244  |o snkSTN EN 88-1+A1  |i snk2016/28883  |8 0  |0 0  |1 0  |4 0  |d 2016-12-14  |l 0  |r 2026-02-24 08:55:59  |w 2026-02-24 
952 |a SNK  |b SNK  |y PREZ  |7 0  |p 17A1250245  |o snkSTN EN 88-1+A1 D1  |i snk2016/28884  |8 0  |0 0  |1 0  |4 0  |d 2016-12-14  |l 0  |r 2026-02-24 08:55:59  |w 2026-02-24